Complete color harmony workbook : (Record no. 13361)
[ view plain ]
| 000 -LEADER | |
|---|---|
| fixed length control field | 01455cam a22003737a 4500 |
| 001 - CONTROL NUMBER | |
| control field | 15510002 |
| 003 - CONTROL NUMBER IDENTIFIER | |
| control field | EG-ScBUE |
| 005 - DATE AND TIME OF LATEST TRANSACTION | |
| control field | 20220908134015.0 |
| 008 - FIXED-LENGTH DATA ELEMENTS--GENERAL INFORMATION | |
| fixed length control field | 081104t2007 maua f 000 0 eng d |
| 020 ## - INTERNATIONAL STANDARD BOOK NUMBER | |
| International Standard Book Number | 9781592535019 |
| 020 ## - INTERNATIONAL STANDARD BOOK NUMBER | |
| International Standard Book Number | 1592535011 |
| 040 ## - CATALOGING SOURCE | |
| Original cataloging agency | DLC |
| Language of cataloging | eng |
| Description conventions | rda |
| Transcribing agency | DLC |
| Modifying agency | DLC |
| -- | EG-ScBUE |
| 082 04 - DEWEY DECIMAL CLASSIFICATION NUMBER | |
| Edition number | 22 |
| Classification number | 701.85 |
| Item number | SAW |
| 100 1# - MAIN ENTRY--PERSONAL NAME | |
| Personal name | Sawahata, Lesa, |
| Relator term | author. |
| 9 (RLIN) | 11275 |
| 245 10 - TITLE STATEMENT | |
| Title | Complete color harmony workbook : |
| Remainder of title | a workbook and guide to creative color combinations / |
| Statement of responsibility, etc | [text by Lesa Sawahata and Kiki Eldridge] |
| 246 30 - VARYING FORM OF TITLE | |
| Title proper/short title | Workbook and guide to creative color combinations |
| 246 30 - VARYING FORM OF TITLE | |
| Title proper/short title | Color harmony |
| 264 #1 - PUBLICATION, DISTRIBUTION, ETC. (IMPRINT) | |
| Place of publication, distribution, etc | Gloucester, Mass. : |
| Name of publisher, distributor, etc | Rockport Publishers, |
| Date of publication, distribution, etc | [2007] |
| 264 #4 - PUBLICATION, DISTRIBUTION, ETC. (IMPRINT) | |
| Date of publication, distribution, etc | c2007 |
| 300 ## - PHYSICAL DESCRIPTION | |
| Extent | 224 pages : |
| Other physical details | color illustrations ; |
| Dimensions | 29 cm |
| 336 ## - CONTENT TYPE | |
| Source | rdacontent |
| Content type term | text |
| Content type code | txt |
| 337 ## - MEDIA TYPE | |
| Source | rdamedia |
| Media type term | unmediated |
| Media type code | n |
| 338 ## - CARRIER TYPE | |
| Source | rdacarrier |
| Carrier type term | volume |
| Carrier type code | nc |
| 650 #7 - SUBJECT ADDED ENTRY--TOPICAL TERM | |
| Topical term or geographic name as entry element | Color in interior decoration |
| Form subdivision | Handbooks, manuals, etc. |
| 9 (RLIN) | 11276 |
| Source of heading or term | BUEsh |
| 650 #7 - SUBJECT ADDED ENTRY--TOPICAL TERM | |
| Topical term or geographic name as entry element | Color guides |
| Form subdivision | Handbooks, manuals, etc. |
| 9 (RLIN) | 11277 |
| Source of heading or term | BUEsh |
| 651 ## - SUBJECT ADDED ENTRY--GEOGRAPHIC NAME | |
| Source of heading or term | BUEsh |
| 653 ## - INDEX TERM--UNCONTROLLED | |
| Resource For college | Arts and Design |
| 655 ## - INDEX TERM--GENRE/FORM | |
| Form subdivision | Reading book |
| 9 (RLIN) | 34232 |
| 700 1# - ADDED ENTRY--PERSONAL NAME | |
| Personal name | Eldridge, Kiki, |
| Relator term | author. |
| 9 (RLIN) | 11278 |
| 856 42 - ELECTRONIC LOCATION AND ACCESS | |
| Materials specified | Contributor biographical information |
| Uniform Resource Identifier | <a href="http://www.loc.gov/catdir/enhancements/fy0902/2008531323-b.html">http://www.loc.gov/catdir/enhancements/fy0902/2008531323-b.html</a> |
| 856 42 - ELECTRONIC LOCATION AND ACCESS | |
| Materials specified | Publisher description |
| Uniform Resource Identifier | <a href="http://www.loc.gov/catdir/enhancements/fy0902/2008531323-d.html">http://www.loc.gov/catdir/enhancements/fy0902/2008531323-d.html</a> |
| 942 ## - ADDED ENTRY ELEMENTS (KOHA) | |
| Source of classification or shelving scheme | Dewey Decimal Classification |
| Koha item type | Book - Borrowing |
| Withdrawn status | Lost status | Source of classification or shelving scheme | Damaged status | Not for loan | Collection code | Home library | Current library | Shelving location | Date acquired | Source of acquisition | Cost, normal purchase price | Serial Enumeration / chronology | Total Checkouts | Total Renewals | Full call number | Barcode | Date last seen | Date checked out | Price effective from | Koha item type |
|---|---|---|---|---|---|---|---|---|---|---|---|---|---|---|---|---|---|---|---|---|
| Dewey Decimal Classification | Alahram | Central Library | Central Library | Second Floor | 11/02/2010 | 119.00 | 31 | 13 | 26 | 701.85 SAW | 000019183 | 15/07/2025 | 18/02/2025 | 11/02/2010 | Book - Borrowing |